<?xml version="1.0" encoding="UTF-8"?>
<collection xmlns="http://www.loc.gov/MARC21/slim">
<record>
  <controlfield tag="001">2879</controlfield>
  <controlfield tag="005">20160701171712.0</controlfield>
  <datafield tag="037" ind1=" " ind2=" ">
    <subfield code="a">ASTROimport-1036</subfield>
  </datafield>
  <datafield tag="100" ind1=" " ind2=" ">
    <subfield code="a">de Cuyper, J.-P.</subfield>
  </datafield>
  <datafield tag="260" ind1=" " ind2=" ">
    <subfield code="c">2009</subfield>
  </datafield>
  <datafield tag="245" ind1=" " ind2=" ">
    <subfield code="a">New Astrometric Reduction of the USNO Photographic Plates of Planetary Satellites</subfield>
  </datafield>
  <datafield tag="520" ind1=" " ind2=" ">
    <subfield code="a">An international collaboration has been set up between the US Naval Observatory (USNO) in Washington DC, the IMCCE of Paris Observatory (OBSPM) and the Royal Observatory of Belgium (ROB) to make a new astrometric reduction of the USNO archival photographic plates of planetary satellites. In order to obtain a better knowledge of their orbital motions these photographic plates are digitized with the new generation DAMIAN digitizer at the ROB, providing a geometric stability of better than 0.1 µm on the plates. We focus here on a subset of a few hundred photographic plates of the Galilean satellites, taken with the McCormick and the USNO 26-inch refractors between 1967 and 1998. Specific procedures and algorithms are used to obtain highly accurate positions using the Tycho2, UCAC2 (20 - 30 mas) and later the UCAC3 (10 - 20 mas) catalogues. A comparison with the MAMA digitizer of the Paris Observatory is made through the results obtained from digital mosaic images of the plates. </subfield>
  </datafield>
  <datafield tag="700" ind1=" " ind2=" ">
    <subfield code="a"> Winter, L.</subfield>
  </datafield>
  <datafield tag="700" ind1=" " ind2=" ">
    <subfield code="a"> de Decker, G.</subfield>
  </datafield>
  <datafield tag="700" ind1=" " ind2=" ">
    <subfield code="a"> Zacharias, N.</subfield>
  </datafield>
  <datafield tag="700" ind1=" " ind2=" ">
    <subfield code="a"> Pascu, D.</subfield>
  </datafield>
  <datafield tag="700" ind1=" " ind2=" ">
    <subfield code="a"> Arlot, J.-E.</subfield>
  </datafield>
  <datafield tag="700" ind1=" " ind2=" ">
    <subfield code="a"> Robert, V.</subfield>
  </datafield>
  <datafield tag="700" ind1=" " ind2=" ">
    <subfield code="a"> Lainey, V.</subfield>
  </datafield>
  <datafield tag="773" ind1=" " ind2=" ">
    <subfield code="p">Astronomical Data Analysis Software and Systems XVIII</subfield>
    <subfield code="v">411</subfield>
    <subfield code="y">2009</subfield>
    <subfield code="c">275</subfield>
  </datafield>
  <datafield tag="856" ind1="4" ind2="2">
    <subfield code="a">http://esoads.eso.org/abs/2009ASPC..411..275D</subfield>
  </datafield>
  <datafield tag="905" ind1=" " ind2=" ">
    <subfield code="a">published in</subfield>
  </datafield>
  <datafield tag="980" ind1=" " ind2=" ">
    <subfield code="a">NONREF</subfield>
  </datafield>
</record>
</collection>